[Event "Werther Schloss op-C 12th"]
[Site "Werther"]
[Date "2006.04.08"]
[Round "2"]
[White "Brekenkamp, Juergen"]
[Black "Rosenthal, Falk"]
[Result "1-0"]
[WhiteElo "1742"]
[BlackElo "1630"]
[PlyCount "95"]
[EventDate "2006.04.07"]
[EventType "swiss"]
[EventRounds "5"]
[EventCountry "GER"]
[SourceTitle "EXT 2008"]
[Source "ChessBase"]
[SourceDate "2007.11.25"]
[SourceVersion "1"]
[SourceVersionDate "2007.11.25"]
[SourceQuality "1"]

1. e4 e5 2. f4 d5 3. exd5 e4 4. d3 Nf6 5. dxe4 Nxe4 6. Nf3 Bc5 7. Qe2 Bf2+ 8. Kd1 Qxd5+ 9. Nfd2 f5 10. Nc3 Qd4 11. Ncxe4 fxe4 12. Qxe4+ Qxe4 13. Nxe4 Bb6 14. Bc4 Bg4+ 15. Be2 Be6 16. Ng5 Bd5 17. Bf3 Bxf3+ 18. Nxf3 0-0 19. Re1 Nc6 20. c3 Rfe8 21. Bd2 Rxe1+ 22. Kxe1 h6 23. Kf1 Re8 24. Re1 Rxe1+ 25. Kxe1 Kf7 26. Ke2 Bc5 27. Be3 Bd6 28. g3 b6 29. Nd4 Nxd4+ 30. Bxd4 c5 31. Be3 Kg6 32. Kf3 Kf6 33. h3 h5 34. g4 g6 35. Ke4 Ke6 36. f5+ gxf5+ 37. gxf5+ Kf7 38. Bf4 Be7 39. c4 a6 40. a4 Bd8 41. Be5 Ke7 42. Kd5 Kf7 43. Kc6 Bf6 44. Bxf6 Kxf6 45. Kxb6 Kxf5 46. Kxc5 Kf4 47. Kd6 Kg3 48. c5 1-0